[Event "Edinburgh op"]
[Site "Edinburgh"]
[Date "1988.??.??"]
[Round "2"]
[White "Ballon, Guenther Jan"]
[Black "Pliester, Leon"]
[Result "1/2-1/2"]
[WhiteElo "2325"]
[BlackElo "2390"]

1.d4 Nf6 2.c4 e6 3.Nc3 Bb4 4.f3 c5 5.d5 Bxc3+ 6.bxc3 d6 7.e4 e5 8.Bd3 Qe7
9.Ne2 Nbd7 10.Ng3 Nf8 11.Be3 h5 12.h4 Kd8 13.Qd2 Ne8 14.O-O-O g6 15.Rde1 Kc7
16.Kb1 Ng7 17.Qc2 Nd7 18.Bg5 f6 19.Bc1 Nb6 20.Ka1 Bd7 21.Be3 Raf8 22.Ne2 f5
23.Bg5 Qf7 24.Ng3 f4 25.Ne2 Ne8 26.Ng1 Nf6 27.Nh3 Bxh3 28.gxh3 Nfd7 29.Rhg1 Nb8
30.Qb3 Qd7 31.Rh1 Rf7 32.Rb1 Na6 33.Rh2 Rb8 34.Bf1 Qa4 35.Qxa4 Nxa4 36.Rb3 Kd7
37.Rg2 Rg7 38.Ra3 Nb6 39.Bd3 Ke8 40.Kb1 Rd7 41.Kc1 Kf7 42.Rb2 Rc7 43.Kd2 Rcc8
44.Be2 Ra8 45.Kd3 Rc7 46.Rb1 Kg7 47.Bd1 Rd7 48.Ra5 Nc7 49.Ra3 Na6  1/2-1/2

[Event "Groningen op"]
[Site "Groningen"]
[Date "1988.??.??"]
[Round "?"]
[White "Roeschlau, Bernd"]
[Black "Hansen, Lars Bo"]
[Result "1-0"]
[WhiteElo "2250"]
[BlackElo "2365"]

1.d4 e6 2.c4 Nf6 3.Nc3 Bb4 4.f3 O-O 5.e4 d6 6.Be3 e5 7.d5 Bxc3+ 8.bxc3 Nbd7
9.h4 Nh5 10.Kf2 Nc5 11.g4 Nf4 12.Bxf4 exf4 13.Qd4 Qe7 14.Bd3 Qe5 15.Bc2 b6
16.Ne2 Ba6 17.Qd2 Bxc4 18.Nd4 g6 19.Nc6 Qg7 20.g5 f6 21.h5 Bb5 22.hxg6 Bxc6
23.dxc6 hxg6 24.Rh6 Rae8 25.Rah1 Re5 26.Qxf4 Rf7 27.gxf6 Rxf6 28.Rh8+ Kf7
29.Qg4 Rh5 30.Bb3+ Ne6 31.R1xh5 gxh5 32.Bxe6+ Rxe6 33.Qf5+ Qf6 34.Qxh5+ Qg6
35.Rh7+ Kg8 36.Qxg6+ Rxg6 37.Rxc7 Rg5 38.Ke3 Rc5 39.Kd4 a5 40.c4 Kf8 41.a4 Ke8
42.Rc8+ Ke7 43.f4 Ke6 44.f5+ Kf6 45.c7  1-0

[Event "Lloyds Bank op"]
[Site "London"]
[Date "1988.??.??"]
[Round "?"]
[White "Sadler, Matthew"]
[Black "Howell, James C"]
[Result "0-1"]
[WhiteElo "2385"]
[BlackElo "2420"]

1.d4 Nf6 2.c4 e6 3.Nc3 Bb4 4.f3 c5 5.a3 Bxc3+ 6.bxc3 Nc6 7.e4 d6 8.Be3 b6
9.Bd3 Qd7 10.Ne2 Ba6 11.O-O Na5 12.e5 dxe5 13.dxe5 Bxc4 14.Bxc4 Nxc4 15.Bxc5 Qxd1
16.Rfxd1 Nxe5 17.Bd4 Nc4 18.Bxf6 gxf6 19.Nd4 O-O-O 20.Rab1 Kb7 21.Rb4 Nxa3
22.Ra1 a5 23.Ra4 e5 24.R1xa3 exd4 25.cxd4 Rd5 26.Kf2 Rc8 27.Re3 Rc2+ 28.Kg3 Kc6
29.Re7 Kb5 30.Ra1 Rxd4 31.Rxf7 Rdd2 32.Rb1+ Rb2 33.Rxb2+ Rxb2 34.Rxh7 Rb1
35.h4 Rh1 36.Ra7 a4 37.Kg4 Kb4 38.g3 a3 39.Kf5 b5  0-1

[Event "Haringey"]
[Site "London"]
[Date "1988.??.??"]
[Round "?"]
[White "Kouatly, Bachar"]
[Black "Jacobs, Byron A"]
[Result "1/2-1/2"]
[WhiteElo "2440"]
[BlackElo "2320"]

1.d4 Nf6 2.c4 e6 3.Nc3 Bb4 4.f3 d5 5.a3 Bxc3+ 6.bxc3 O-O 7.cxd5 exd5 8.e3 c5
9.Bd3 b6 10.Ne2 Ba6 11.O-O Bxd3 12.Qxd3 cxd4 13.cxd4 Re8 14.Ng3 Qc8 15.e4 Qa6
16.Qe3 Nc6 17.Nf5 Re6 18.Qg5 Ne8 19.exd5 Rg6 20.Qe3 Qb5 21.Re1 Nc7 22.Nh4 Qxd5
23.Nxg6 hxg6 24.Qe4 Qxd4+ 25.Qxd4 Nxd4 26.Re7 Nce6 27.Bb2 Nf5 28.Rd7 Nc5
29.Rc7 Rd8 30.Rxa7 Rd2 31.Bc3 Rc2 32.Be1 Nd3 33.Rd7 Nxe1 34.Rxe1 Nh4 35.Rd4 Rxg2+
36.Kh1 Rxh2+ 37.Kxh2 Nxf3+ 38.Kh3 Nxd4 39.Re8+ Kh7 40.Re4 Nc6 41.Rc4 Ne5
42.Rb4 Nd7 43.Rb5 f6 44.Rd5 Ne5 45.Rd6 Nc4 46.Rd3 Kg8 47.a4 Kf7 48.Rd4 Ne5
49.Rd5 Nc4 50.Rd4 Ne5 51.Rd6 Nc4  1/2-1/2

[Event "Luxembourg op"]
[Site "Luxembourg"]
[Date "1988.??.??"]
[Round "7"]
[White "Gutman, Lev"]
[Black "Schmittdiel, Eckhard"]
[Result "0-1"]
[WhiteElo "2465"]
[BlackElo "2420"]

1.d4 Nf6 2.c4 e6 3.Nc3 Bb4 4.f3 c5 5.d5 Bxc3+ 6.bxc3 d6 7.e4 e5 8.Bd3 Nbd7
9.h4 h5 10.Qa4 Ng8 11.Ne2 Nh6 12.Rb1 Qe7 13.Be3 Kd8 14.Nc1 f6 15.Bc2 Nf7
16.Qa5+ b6 17.Qa3 g5 18.Ba4 Nb8 19.Nd3 gxh4 20.Rxh4 f5 21.Rh2 h4 22.Bc2 Kc7
23.Kd2 f4 24.Bf2 Ng5 25.Bd1 h3 26.Be2 Nd7 27.gxh3 Rxh3 28.Rxh3 Nxh3 29.Rh1 Nf6
30.Kc2 Nxf2 31.Nxf2 Bd7 32.Kd2 Kb7 33.Qc1 Rg8 34.Rh6 Rg2 35.Qf1 Qg7 36.Rxf6 Rxf2
37.Qxf2 Qxf6 38.Qh2 Qg5 39.Ke1 Ka6 40.Kf1 Qg6 41.Qh4 Ka5 42.Bd1 a6 43.Kf2 Be8
44.Qg4 Qh6 45.Kg1 Ba4 46.Bb3 Qh7 47.Bxa4 Kxa4 48.Qc8 Ka5 49.Qg4 Qc7 50.Qg8 Qd7
51.Qe6 Qa4 52.Qxd6 Qd1+ 53.Kf2 Qd2+ 54.Kf1 Qd3+ 55.Ke1 Qxc3+ 56.Kd1 Qxf3+
57.Kc1 Qc3+ 58.Kb1 f3  0-1

[Event "Lvov"]
[Site "Lvov"]
[Date "1988.??.??"]
[Round "?"]
[White "Moskalenko, Viktor"]
[Black "Novikov, Igor A"]
[Result "1-0"]
[WhiteElo "2440"]
[BlackElo "2485"]

1.d4 Nf6 2.c4 e6 3.Nc3 Bb4 4.f3 c5 5.d5 Nh5 6.g3 Bxc3+ 7.bxc3 f5 8.e4 f4
9.dxe6 Qf6 10.Ne2 fxg3 11.Bg2 gxh2 12.Rxh2 g6 13.exd7+ Bxd7 14.Qd5 Nc6 15.Bg5 Qe5
16.f4 Qg7 17.Rd1 h6 18.Rxh5 gxh5 19.Bf6 Qxf6 20.Qxd7+ Kf8 21.e5 Qh4+ 22.Kf1 Rd8
23.Qf5+ Kg7 24.Rd7+ Ne7 25.Ng3 Rxd7 26.Nxh5+ Kg8 27.Nf6+ Kg7 28.Nh5+ Kg8
29.Qxd7 Qxh5 30.Qxe7 Qd1+ 31.Kf2 Qd2+ 32.Kg3 Qe3+ 33.Bf3 Qg1+ 34.Kh3 Qf1+
35.Bg2 Qxc4 36.Qd8+ Kg7 37.Qf6+ Kh7 38.Qe7+ Kg8 39.Qd8+ Kg7 40.Qf6+ Kh7 41.Be4+ Kg8
42.e6 Qf1+ 43.Bg2 Qd3+ 44.Kh4  1-0

[Event "UKR-ch"]
[Site "Lvov"]
[Date "1988.??.??"]
[Round "6"]
[White "Huzman, Alexander"]
[Black "Karpman, Vadim"]
[Result "1/2-1/2"]
[WhiteElo "2490"]
[BlackElo "2490"]

1.d4 Nf6 2.c4 e6 3.Nc3 Bb4 4.f3 d5 5.a3 Bxc3+ 6.bxc3 c5 7.cxd5 Nxd5 8.dxc5 f5
9.Nh3 O-O 10.c4 Nc7 11.Qxd8 Rxd8 12.Nf2 Nc6 13.Bb2  1/2-1/2

[Event "Mendrisio op"]
[Site "Mendrisio"]
[Date "1988.??.??"]
[Round "7"]
[White "Markotic, Gordan"]
[Black "Dizdarevic, Emir"]
[Result "0-1"]
[WhiteElo "2345"]
[BlackElo "2495"]

1.d4 Nf6 2.c4 e6 3.Nc3 Bb4 4.f3 d5 5.a3 Bd6 6.e4 c5 7.dxc5 Bxc5 8.cxd5 exd5
9.Bg5 h6 10.Bxf6 Qxf6 11.Bb5+ Nd7 12.Qxd5 Qe7 13.Qd2 O-O 14.Nd5 Qh4+ 15.g3 Qd8
16.Rc1 Bd6 17.Ne2 Ne5 18.O-O a6 19.Ba4 Bh3 20.Rf2 Rc8 21.Nef4 Qa5 22.b4 Qxa4
23.Nxh3 Rxc1+ 24.Qxc1 Nd3 25.Qc3 Nxf2 26.Nxf2 Qc6 27.Qd4 Re8 28.Ng4 h5 29.Ngf6+ gxf6
30.Nxf6+ Kf8 31.Nxe8 Kxe8 32.Qh8+ Ke7 33.Qxh5 Qc1+ 34.Kg2 Qxa3 35.Qg5+ Ke8
36.h4 Qxb4 37.h5 Qb2+ 38.Kh3 Qe5 39.Qg4 Qe6 40.h6 Qxh6+ 41.Kg2 Qe6  0-1

[Event "URS-ch sf"]
[Site "Minsk"]
[Date "1988.??.??"]
[Round "?"]
[White "Malaniuk, Vladimir P"]
[Black "Kveinys, Aloyzas"]
[Result "0-1"]
[WhiteElo "2515"]
[BlackElo "2345"]

1.d4 Nf6 2.c4 e6 3.Nc3 Bb4 4.f3 d5 5.a3 Be7 6.e4 dxe4 7.fxe4 e5 8.d5 Bc5
9.Bg5 h6 10.Bh4 Bd4 11.Nb5 Bxb2 12.Rb1 a6 13.Bxf6 gxf6 14.Qa4 axb5 15.Qxa8 Bc3+
16.Kd1 Na6 17.Kc2 O-O 18.Kxc3 Qd6 19.Rxb5 c6 20.Ra5 cxd5 21.Rxa6 bxa6 22.Qxd5 Qb6
23.Qd3 Rd8 24.Qg3+ Kh7 25.Bd3 Qa5+ 26.Kc2 Bd7 27.Ne2 Ba4+ 28.Kc1 Bb3 29.Rf1 Qxa3+
30.Kd2 Bxc4 31.Nc1 Qb2+ 32.Kd1 Bxd3  0-1

[Event "URS-ch sf"]
[Site "Minsk"]
[Date "1988.??.??"]
[Round "?"]
[White "Malaniuk, Vladimir P"]
[Black "Dydyshko, Viacheslav"]
[Result "1-0"]
[WhiteElo "2515"]
[BlackElo "2470"]

1.d4 Nf6 2.c4 e6 3.Nc3 Bb4 4.f3 d5 5.a3 Bxc3+ 6.bxc3 O-O 7.cxd5 exd5 8.e3 Bf5
9.Ne2 Nbd7 10.g4 Nxg4 11.fxg4 Qh4+ 12.Kd2 Be4 13.Rg1 Nb6 14.Rg3 Nc4+ 15.Ke1 Rae8
16.Nf4 g5 17.Nh3 f5 18.gxf5 Bxf5 19.Bxc4 dxc4 20.Nxg5 Qxh2 21.Qf3 Kh8 22.Qg2 Qh4
23.Ra2 Bg4 24.Rf2 Rxf2 25.Kxf2 Rf8+ 26.Kg1 h5 27.e4  1-0

[Event "URS-ch55"]
[Site "Moscow"]
[Date "1988.??.??"]
[Round "?"]
[White "Malaniuk, Vladimir P"]
[Black "Eingorn, Vereslav S"]
[Result "0-1"]
[WhiteElo "2520"]
[BlackElo "2560"]

1.d4 Nf6 2.c4 e6 3.Nc3 Bb4 4.f3 d5 5.a3 Be7 6.e4 c5 7.e5 Nfd7 8.cxd5 exd5
9.Nxd5 cxd4 10.Nxe7 Qxe7 11.f4 f6 12.Qxd4 fxe5 13.Qe3 Nc6 14.Nf3 O-O 15.Bd2 a5
16.fxe5 Ndxe5 17.Nxe5 Nxe5 18.O-O-O Bf5 19.Bc4+ Kh8 20.Bc3 Rac8 21.Qxe5 Qg5+
22.Rd2 Rxc4 23.Rf1 h6 24.Qxa5 Kh7 25.Qe5 Be4 26.Qxe4+ Rxe4 27.Rxf8 Re2 28.h4 Qe3
29.Rd8 Rxg2 30.Rd7 b5 31.Rd3 Rg1+ 32.Kc2 Qe4 33.Bd4 Rg3 34.h5 Qf5 35.Bc3 Rh3
36.Rd1 Rxd3 37.Rxd3 Qxh5 38.Re3 Qf5+ 39.Kb3 Qf7+ 40.Kc2 Qf5+ 41.Kb3 Qf7+  0-1

[Event "URS-ch sf"]
[Site "Moscow"]
[Date "1988.??.??"]
[Round "10"]
[White "Naumkin, Igor"]
[Black "Gorelov, Sergey G"]
[Result "1/2-1/2"]
[WhiteElo "2485"]
[BlackElo "2440"]

1.d4 Nf6 2.c4 e6 3.Nc3 Bb4 4.f3 c5 5.d5 Bxc3+ 6.bxc3 d6 7.e4 e5 8.Bd3 Nh5
9.Ne2 Qf6 10.Qd2 h6 11.h4 Nd7 12.Kf2 Nf4 13.g3 Nxe2 14.Qxe2  1/2-1/2

[Event "New York op"]
[Site "New York"]
[Date "1988.??.??"]
[Round "?"]
[White "Gutman, Lev"]
[Black "Rodriguez, Amador"]
[Result "1-0"]
[WhiteElo "2465"]
[BlackElo "2540"]

1.d4 Nf6 2.c4 e6 3.Nc3 Bb4 4.f3 c5 5.d5 Bxc3+ 6.bxc3 d6 7.e4 e5 8.Bd3 Nbd7
9.h4 Nf8 10.h5 h6 11.Rb1 Qc7 12.Qb3 Kd8 13.Ne2 Ng8 14.Ng3 Ne7 15.Be3 Nd7
16.Qa3 Nf6 17.Kf2 Bd7 18.Rb2 b6 19.Bc2 Rb8 20.Ba4 Bc8 21.Ne2 Rf8 22.Nc1 Nfg8
23.g4 g6 24.hxg6 fxg6 25.g5 h5 26.Nd3 Bg4 27.Bd1 Nc8 28.Kg2 Bd7 29.f4 Nge7
30.Rf2 Re8 31.Rhf1 exf4 32.Nxf4 b5 33.cxb5 Rxb5 34.c4 Rb4 35.Qc3 Nb6 36.Be2 Kc8
37.a3 Ra4 38.Rb1 Qb7 39.Bd3 Qa6 40.Rb3 Kc7 41.e5 Nf5 42.exd6+ Nxd6 43.Bxc5 Ne4
44.Qd4 Nxf2 45.Kxf2 Kc8 46.Bb4 Qb7 47.c5 Nxd5 48.Qxd5 Bc6 49.Qd6 a5 50.Bxa5 Rxa5
51.Rxb7 Kxb7 52.Nd5  1-0

[Event "New York op"]
[Site "New York"]
[Date "1988.??.??"]
[Round "?"]
[White "Gutman, Lev"]
[Black "Gligoric, Svetozar"]
[Result "1-0"]
[WhiteElo "2465"]
[BlackElo "2515"]

1.d4 Nf6 2.c4 e6 3.Nc3 Bb4 4.f3 d5 5.a3 Bxc3+ 6.bxc3 c5 7.cxd5 Nxd5 8.dxc5 Qa5
9.e4 Ne7 10.Be3 O-O 11.Qb3 Nbc6 12.Nh3 e5 13.Ng5 Qc7 14.Bc4 Ng6 15.Bd5 h6
16.Nh3 Nh4 17.O-O Bxh3 18.gxh3 Qd7 19.Rf2 Kh8 20.Kh1 f5 21.Rg1 f4 22.Bd2 Rf6
23.Be1 g5 24.Rff1 Ng6 25.h4 gxh4 26.Rg4 h5 27.Rg5 Qh3 28.Rf2 Nd8 29.Rxh5+ Kg7
30.Rg5 Rc8 31.Rg4 Rxc5 32.c4 b5 33.Bc3 bxc4 34.Qb8 Rxd5 35.exd5 Nf7 36.Qxa7 Kh6
37.Qd7 Ng5 38.Bb4 Nxf3 39.Bf8+ Nxf8 40.Qg7+ Kh5 41.Rfg2  1-0

[Event "Paris-ch"]
[Site "Paris"]
[Date "1988.??.??"]
[Round "3"]
[White "Giffard, Nicolas"]
[Black "Haik, Aldo"]
[Result "0-1"]
[WhiteElo "2310"]
[BlackElo "2370"]

1.d4 e6 2.c4 Nf6 3.Nc3 Bb4 4.f3 d5 5.a3 Bxc3+ 6.bxc3 c5 7.e3 Nc6 8.cxd5 exd5
9.Bd3 O-O 10.Ne2 Ne7 11.Ng3 b6 12.O-O Ne8 13.a4 Nc7 14.Ba3 Ne6 15.Qb1 g6
16.Ne2 Bd7 17.Bc1 f5 18.c4 cxd4 19.cxd5 Nxd5 20.Qb3 Bc6 21.exd4 Qd7 22.Bc4 Rfe8
23.Bf4 a6 24.Be5 b5 25.axb5 axb5 26.Rxa8 Rxa8 27.Bd3 Ra4 28.Rc1 Nb4 29.Rxc6 Nxd3
30.Qxd3 Qxc6 31.h4 Qc4 32.Qd1 Ra2 33.Ng3 Qc2 34.Qf1 Qb2 35.Kh2 Qf2 36.d5 Qxf1
37.Nxf1 Re2 38.Bb8  0-1

[Event "Paris-ch"]
[Site "Paris"]
[Date "1988.??.??"]
[Round "4"]
[White "Gutman, Lev"]
[Black "Kosten, Anthony C"]
[Result "1-0"]
[WhiteElo "2465"]
[BlackElo "2515"]

1.d4 Nf6 2.c4 e6 3.Nc3 Bb4 4.f3 c5 5.d5 Nh5 6.g3 Bxc3+ 7.bxc3 f5 8.Nh3 O-O
9.e4 d6 10.f4 Nf6 11.e5 dxe5 12.fxe5 Ng4 13.Bg2 exd5 14.Bxd5+ Kh8 15.O-O Nc6
16.e6 h6 17.Nf4 Ne7 18.Qe2 Qc7 19.Bd2 Nf6 20.Rad1 g5 21.Nh5 a5 22.Be3 Ra6
23.Nxf6 Rxf6 24.Qf2 Bxe6 25.Bxc5 Kh7 26.Rfe1 Kg6 27.Rb1 Rc6 28.Bxe7 Qxe7
29.Bxc6 bxc6 30.Rb6 Qf7 31.Rxc6 Bxc4 32.Rc5  1-0

[Event "Pau"]
[Site "Pau"]
[Date "1988.??.??"]
[Round "3"]
[White "Villeneuve, Alain"]
[Black "Leriche, Eric"]
[Result "1/2-1/2"]
[WhiteElo "2365"]
[BlackElo "2200"]

1.d4 Nf6 2.c4 e6 3.Nc3 Bb4 4.f3 d5 5.a3 Bxc3+ 6.bxc3 c5 7.cxd5 exd5 8.e3 O-O
9.Bd3 b6 10.Ne2 Ba6 11.Bb1 Qd7 12.O-O Nc6 13.Re1 Rfe8 14.Ng3 Rad8 15.Ra2 Na5
16.Rf2 Bc4 17.Bc2 Bb5 18.Nf5 cxd4 19.cxd4 g6 20.Nh6+ Kg7 21.e4 Ng8 22.Qd2 Rc8
23.Qf4 Qe7 24.e5 Rc6 25.Nxg8 Kxg8 26.Bb1 Rec8 27.Qh6 Qf8 28.Qg5 Qd8 29.Qe3 Rc3
30.Qh6 Qf8 31.Qg5 Qd8 32.Qh6 Qf8 33.Qg5  1/2-1/2

[Event "World op"]
[Site "Philadelphia"]
[Date "1988.??.??"]
[Round "?"]
[White "Tempone, Marcelo"]
[Black "Ashley, Maurice"]
[Result "0-1"]
[WhiteElo "2450"]
[BlackElo "2280"]

1.d4 Nf6 2.c4 e6 3.Nc3 Bb4 4.f3 c5 5.d5 exd5 6.cxd5 O-O 7.Nh3 Re8 8.Nf2 Re5
9.Bd2 Bxc3 10.Bxc3 Rxd5 11.Qb3 Rd6 12.e4 Nc6 13.Qc4 Qe7 14.Nd3 b6 15.O-O-O Re6
16.Nf4 Ne5 17.Qa4 Rd6 18.Nd5 Nxd5 19.exd5 Ng6 20.Kb1 Bb7 21.Ba6 Bxa6 22.Qxa6 Qg5
23.Qb7 Re8 24.Ka1 Qxg2 25.Rhe1 Rxe1 26.Rxe1 Nf8 27.a3 Qxf3 28.Qb8 Rxd5 29.Ka2 Rd3
30.Be5 Qd5+ 31.Ka1 f6 32.Bg3 Rd1+ 33.Rxd1 Qxd1+ 34.Ka2 Qd5+ 35.Ka1 Kf7 36.Qxa7 Qc6
37.Bc7 b5 38.Qb8 d5  0-1

[Event "Bohemians"]
[Site "Prague"]
[Date "1988.??.??"]
[Round "?"]
[White "Danner, Georg"]
[Black "Damjanovic, Mato"]
[Result "1/2-1/2"]
[WhiteElo "2425"]
[BlackElo "2325"]

1.d4 Nf6 2.c4 e6 3.Nc3 Bb4 4.f3 c5 5.d5 d6 6.e4 Bxc3+ 7.bxc3 e5 8.Ne2 Nbd7
9.g4 Nf8 10.h4 h5 11.g5 Ng8 12.Ng3 Ne7 13.f4 Bg4 14.Be2 exf4 15.Bxg4 fxg3
16.Bxh5 g2 17.Rg1 Neg6 18.Rxg2 Nxh4 19.Rb2 Nfg6 20.Rh2 Qe7 21.Rb1 O-O-O 22.Qe2 Kb8  1/2-1/2

[Event "URS-ch sf"]
[Site "Riga"]
[Date "1988.??.??"]
[Round "?"]
[White "Moskalenko, Viktor"]
[Black "Kharitonov, Andrei Y"]
[Result "1/2-1/2"]
[WhiteElo "2475"]
[BlackElo "2550"]

1.d4 Nf6 2.c4 e6 3.Nc3 Bb4 4.f3 d5 5.a3 Bxc3+ 6.bxc3 c5 7.cxd5 Nxd5 8.dxc5 Qa5
9.e4 Ne7 10.Be3 O-O 11.Qb3 Nbc6 12.Nh3 e5 13.Ng5 Ng6 14.Bc4 Qc7 15.Rd1 Na5
16.Bxf7+ Rxf7 17.Qxf7+ Qxf7 18.Nxf7 Kxf7 19.Rd8 Nc6 20.Rd6 Be6 21.Kf2 Rc8
22.g3 Na5 23.f4 Nc4 24.Rxe6 Kxe6 25.f5+ Kf6 26.fxg6 Kxg6 27.Rb1 Nxe3 28.Kxe3 Rxc5
29.Kd3 b6 30.a4 Kf6 31.Rb5 Rc6 32.a5 Ke6 33.axb6 axb6 34.c4 Kf6 35.Ke3 Re6
36.Rd5 Kg5 37.Rd7  1/2-1/2

[Event "URS-ch sf"]
[Site "Riga"]
[Date "1988.??.??"]
[Round "?"]
[White "Kozlov, Vladimir N"]
[Black "Chekhov, Valery A"]
[Result "1/2-1/2"]
[WhiteElo "2410"]
[BlackElo "2480"]

1.d4 Nf6 2.c4 e6 3.Nc3 Bb4 4.f3 d5 5.a3 Be7 6.e4 dxe4 7.fxe4 e5 8.d5 Ng4
9.Be2 Bc5 10.Bxg4 Qh4+ 11.g3 Qxg4 12.Qxg4 Bxg4 13.h3 Bh5 14.g4 Bg6 15.Nf3 Nd7
16.b4 Bd4 17.Nxd4 exd4 18.Nb5 O-O 19.Nxc7 Rac8 20.Bf4 Bxe4 21.O-O Nb6 22.Rac1 d3
23.d6 Rfd8 24.c5 Nd5 25.Nxd5 Bxd5 26.Rfe1 Bc6 27.Rc3 Bb5 28.a4 Bxa4 29.Rxd3 a6
30.Re7 Rd7 31.Rde3 h6 32.Re8+ Rxe8 33.Rxe8+ Kh7 34.Rf8 Kg6 35.Kf2 f6 36.h4 h5
37.gxh5+  1/2-1/2

[Event "URS-ch sf"]
[Site "Riga"]
[Date "1988.??.??"]
[Round "?"]
[White "Moskalenko, Viktor"]
[Black "Naumkin, Igor"]
[Result "0-1"]
[WhiteElo "2475"]
[BlackElo "2440"]

1.d4 Nf6 2.c4 e6 3.Nc3 Bb4 4.f3 d5 5.a3 Be7 6.cxd5 exd5 7.e3 O-O 8.Bd3 c5
9.Nge2 Nc6 10.Bc2 Re8 11.O-O a6 12.Kh1 Bd6 13.Rg1 Qc7 14.g4 cxd4 15.g5 dxc3
16.gxf6 g6 17.Nxc3 d4 18.Nd5 Qd7 19.f4 dxe3 20.Bxe3 b5 21.Qh5 Kh8 22.Rxg6 fxg6
23.Bxg6 Rxe3 24.Nxe3 Bb7 25.Ng2 Rf8 26.f5 Ne5 27.f7  0-1

[Event "Saint John op-1"]
[Site "Saint John"]
[Date "1988.??.??"]
[Round "?"]
[White "Saidy, Anthony Fred"]
[Black "Vidarsson, Jon G"]
[Result "1-0"]
[WhiteElo "2415"]
[BlackElo "2305"]

1.d4 Nf6 2.c4 e6 3.Nc3 Bb4 4.f3 d5 5.a3 Bxc3+ 6.bxc3 O-O 7.cxd5 exd5 8.e3 Bf5
9.Ne2 Nbd7 10.Ng3 Bg6 11.Bd3 Nb6 12.O-O Re8 13.Re1 Bxd3 14.Qxd3 Qd7 15.e4 dxe4
16.fxe4 Nfd5 17.Rf1 Ne7 18.Ra2 Ng6 19.Raf2 f6 20.Rf5 Rad8 21.Qc2 Qa4 22.Qa2+ Kh8
23.Rc5 Qd7 24.Qc2 Re6 25.Rff5 Rde8 26.Rh5 c6 27.Qb3 Nc8 28.d5 Re5 29.dxc6 bxc6
30.Rhxe5 Nxe5 31.Qc2 Qd3 32.Rxe5  1-0

[Event "Schoeneck op"]
[Site "Schoeneck"]
[Date "1988.??.??"]
[Round "2"]
[White "Gutman, Lev"]
[Black "Gruen, Peter"]
[Result "1-0"]
[WhiteElo "2490"]
[BlackElo "2380"]

1.d4 Nf6 2.c4 e6 3.Nc3 Bb4 4.f3 d5 5.a3 Be7 6.e4 dxe4 7.fxe4 e5 8.d5 Ng4
9.Nf3 Bc5 10.b4 Bf2+ 11.Ke2 c5 12.Bg5 f6 13.Bd2 Bd4 14.Qa4+ Bd7 15.Qb3 O-O
16.Re1 f5 17.h3 Nf2 18.Nxd4 fxe4 19.Nf3 Nxh1 20.Nxe4 Bf5 21.Nfg5 h6 22.g4 Bg6
23.Bg2 hxg5 24.Bxh1 Bxe4 25.Bxe4 Nd7 26.Qd3 Rc8 27.b5 a6 28.a4 axb5 29.axb5 Ra8
30.Bf5 Ra2 31.Rd1 Kh8 32.Qb3 Ra8 33.Be6 Qf6 34.Qg3 Nb6 35.h4 Ra2 36.hxg5 Rxd2+
37.Kxd2 Qxg5+ 38.Kd3 g6 39.Re1 Qf4 40.Qh4+ Kg7 41.Qe7+ Rf7 42.Qxf7+ Qxf7
43.Bxf7 Kxf7 44.Rxe5 Kf6 45.Re6+  1-0

[Event "URS-FL56"]
[Site "Simferopol"]
[Date "1988.??.??"]
[Round "?"]
[White "Malaniuk, Vladimir P"]
[Black "Ulibin, Mikhail"]
[Result "1/2-1/2"]
[WhiteElo "2520"]
[BlackElo "2390"]

1.d4 e6 2.c4 Nf6 3.Nc3 Bb4 4.f3 d5 5.a3 Be7 6.e4 dxe4 7.fxe4 e5 8.d5 Ng4
9.Be2 Bc5 10.Bxg4 Qh4+ 11.g3 Qxg4 12.Qxg4 Bxg4 13.h3 Bh5 14.g4 Bg6 15.Nf3 Nd7
16.b4 Be7 17.O-O b6 18.Bg5 Bxg5 19.Nxg5 O-O 20.Nf3 Rfc8 21.Rfd1 a6 22.Rd3 Ra7
23.Rad1 a5 24.Kf2 axb4 25.axb4 Kf8 26.Ke3 Ke8 27.Rg1 Kf8 28.Rgd1 Ke8 29.Ng1 Ra3
30.Nge2 Rb3 31.Rb1 Rxb1 32.Nxb1 c5 33.dxc6 Rxc6 34.Nd2 h5 35.Nc3 hxg4 36.hxg4 Nf6
37.Kf3 Ke7 38.b5 Rd6 39.Nd5+ Nxd5 40.cxd5 Rf6+ 41.Ke3  1/2-1/2

[Event "Candidats (Women)"]
[Site "Tskhaltubo"]
[Date "1988.??.??"]
[Round "?"]
[White "Arakhamia, Ketevan"]
[Black "Ioseliani, Nana"]
[Result "0-1"]
[WhiteElo "2420"]
[BlackElo "2455"]

1.d4 Nf6 2.c4 e6 3.Nc3 Bb4 4.f3 O-O 5.e4 Nh5 6.Be3 f5 7.Qc2 c5 8.d5 exd5
9.cxd5 d6 10.O-O-O Qe7 11.Nge2 Nd7 12.Kb1 Ne5 13.Bc1 b5 14.g4 fxg4 15.f4 Bxc3
16.bxc3 Nc4 17.Ka1 Rb8 18.h3 Re8 19.Bg2 gxh3 20.Bf3 Nf6 21.Ng3 Qc7 22.f5 b4
23.cxb4 Rxb4 24.Rxh3 Bd7 25.Rg1 Reb8 26.Nh5 Nxh5 27.Bxh5 Ba4 28.Qd3 Ne5 29.Bh6 Nxd3  0-1

[Event "URS-ch otbor56"]
[Site "Uzhgorod"]
[Date "1988.??.??"]
[Round "?"]
[White "Efimov, Igor"]
[Black "Rozentalis, Eduardas"]
[Result "0-1"]
[WhiteElo "2405"]
[BlackElo "2490"]

1.d4 e6 2.c4 Nf6 3.Nc3 Bb4 4.f3 d5 5.a3 Bxc3+ 6.bxc3 c5 7.cxd5 exd5 8.dxc5 Qa5
9.Qd2 Nc6 10.Rb1 O-O 11.c4 Qxc5 12.cxd5 Nxd5 13.e4 Nd4 14.Bd3 Re8 15.Bb2 Nb3
16.Qg5 f6 17.Qh5 Be6 18.Ne2 Nb4 19.Qxe8+ Rxe8 20.axb4 Qe3 21.Bb5 a6  0-1

[Event "Vrnjacka Banja"]
[Site "Vrnjacka Banja"]
[Date "1988.??.??"]
[Round "?"]
[White "Raicevic, Vladimir"]
[Black "Cabrilo, Goran"]
[Result "1/2-1/2"]
[WhiteElo "2475"]
[BlackElo "2505"]

1.d4 Nf6 2.c4 e6 3.Nc3 Bb4 4.f3 d5 5.a3 Be7 6.e4 c5 7.e5 Nfd7 8.cxd5 exd5
9.f4 cxd4 10.Nb5 Nc6 11.Nf3 O-O 12.Nbxd4 Qb6 13.Nf5 Bc5 14.Bd3 f6 15.e6 Bf2+
16.Kf1 Nc5 17.Ne3 Nxd3 18.Qxd3 Bxe3 19.Bxe3 Qxb2 20.Re1 Qa2 21.f5 Ne5 22.Qe2 Qxe2+
23.Kxe2 b6 24.Bd4 Ba6+ 25.Ke3 Nc4+ 26.Kf4 Nd6 27.g4 Rac8 28.Rc1 Bd3 29.Rhd1 Be2
30.Re1 Bxf3 31.Kxf3 Ne4 32.Kf4 Rfd8 33.Red1 Kf8 34.Bb2 Rxc1 35.Rxc1 Nc5 36.Rd1 Ke7
37.g5 h6 38.h4 hxg5+ 39.hxg5 Rh8 40.gxf6+ gxf6 41.Rxd5 Rh4+ 42.Ke3 Rh3+ 43.Kd4 Rh2
44.Bc3 Rh4+ 45.Ke3 Rh3+ 46.Kd4 Rh4+ 47.Ke3 Rh3+ 48.Kd4 Rh4+  1/2-1/2

[Event "Alma-Ata"]
[Site "Alma-Ata"]
[Date "1989.??.??"]
[Round "5"]
[White "Malaniuk, Vladimir P"]
[Black "Dzuban, Oleg I"]
[Result "0-1"]
[WhiteElo "2520"]
[BlackElo "2395"]

1.d4 Nf6 2.c4 e6 3.Nc3 Bb4 4.f3 d5 5.a3 Be7 6.e4 c5 7.e5 Nfd7 8.cxd5 exd5
9.Nxd5 cxd4 10.Nxe7 Qxe7 11.f4 f6 12.Qxd4 fxe5 13.Qe3 O-O 14.Nf3 Nc6 15.Bd2 Rxf4
16.Qb3+ Kh8 17.Bxf4 exf4+ 18.Be2 Nf6 19.Qc4 Ng4 20.O-O Ne3 21.Qxf4 Nxf1 22.Rxf1 Bg4
23.Bd1 Qc5+ 24.Kh1 Bh5 25.Ng5 Bxd1 26.Rxd1 Rf8 27.Ne6 Rxf4 28.Nxc5 b6 29.g3 Rd4
30.Rxd4 Nxd4 31.Ne4 Kg8 32.Kg2 Kf7 33.Kf2 Ke6 34.Ng5+ Kf5 35.Nxh7 Ne6 36.h4 Ke4
37.Kg2 Kf5 38.Kf2 Kg6 39.Ng5 Nxg5 40.hxg5 Kxg5 41.Kf3 Kf5 42.a4 a6 43.b4 b5  0-1

[Event "Alma-Ata"]
[Site "Alma-Ata"]
[Date "1989.??.??"]
[Round "7"]
[White "Malaniuk, Vladimir P"]
[Black "Douven, Rudy C"]
[Result "1-0"]
[WhiteElo "2520"]
[BlackElo "2445"]

1.d4 Nf6 2.c4 e6 3.Nc3 Bb4 4.f3 d5 5.a3 Be7 6.e4 dxe4 7.fxe4 e5 8.d5 Ng4
9.Nf3 Bc5 10.Na4 Bf2+ 11.Ke2 Bh4 12.g3 Be7 13.h3 Nf6 14.Nc3 O-O 15.Kf2 a5
16.Kg2 Nbd7 17.Bd3 Ne8 18.Be3 g6 19.Qd2 Ng7 20.Bc2 Kh8 21.Rhf1 Ra6 22.Rae1 f6
23.Na4 c5 24.Nc3 Nb6 25.Bd3 Bd7 26.g4 Nc8 27.Ne2 Bd6 28.Ng3 Ne7 29.Qc3 Qc8
30.Rh1 Qc7 31.Bc1 Raa8 32.b3 Rae8 33.Bb2 Ng8 34.Bc2 Re7 35.Rhf1 b6 36.Qd2 Qc8
37.Rf2 Ree8 38.Bd3 Re7 39.Bc3 Ne8 40.Qb2 Qc7 41.Kh2 Ng7 42.Bf1 Ree8 43.Bg2 Rf7
44.Kg1 Bc8 45.g5 fxg5 46.Nxg5 Rxf2 47.Qxf2 Rf8 48.Qb2 Qe7 49.Nf3 Re8 50.Rf1 Bd7
51.Bd2 h6 52.Qc1 Nf6 53.Bxh6 Ngh5 54.Nxh5 Nxh5 55.Qg5 Kh7 56.Qxe7+ Bxe7 57.Nxe5 Bf6
58.Rxf6 Nxf6 59.Bg5 Rxe5 60.Bxf6 Re8 61.e5 Kg8 62.e6 Bc8 63.Bg5 Kg7 64.a4 Bxe6
65.dxe6 Rxe6 66.Kf2 Re5 67.h4 Kf7 68.Bd8  1-0

[Event "Alma-Ata"]
[Site "Alma-Ata"]
[Date "1989.??.??"]
[Round "11"]
[White "Malaniuk, Vladimir P"]
[Black "Ubilava, Elizbar"]
[Result "1/2-1/2"]
[WhiteElo "2520"]
[BlackElo "2515"]

1.d4 Nf6 2.c4 e6 3.Nc3 Bb4 4.f3 Nc6 5.e4 e5 6.a3 Bxc3+ 7.bxc3 d6 8.Be3 O-O
9.Bd3 b6 10.Ne2 Ba6 11.Ng3 Na5 12.Qe2 Qe8 13.Nf1 exd4 14.cxd4 c5 15.d5 Nd7
16.Nd2 Ne5 17.Kf2 Qa4 18.Bf4 Bxc4 19.Nxc4 Nxd3+ 20.Qxd3 Nxc4 21.Qc3 b5 22.h4 f6
23.h5 h6 24.g4 Ne5 25.Kg3 Rfe8 26.Rhe1 Qa6 27.Bxe5 fxe5 28.Rg1 Rf8 29.g5 hxg5
30.Kh2 Rf6 31.Rxg5 Raf8 32.Rag1 R8f7 33.f4 Rxf4 34.Qg3 Qb7 35.h6 Rxe4 36.Rg2 Qd7
37.Kg1 Ref4 38.Qd3 Rf1+ 39.Qxf1 Rxf1+ 40.Kxf1 Qh3 41.Rxg7+ Kh8 42.Rg8+ Kh7
43.Rg7+ Kh8 44.Kg1 Qe3+ 45.Rf2 c4 46.Kg2 Qe4+ 47.Kg3 Qe3+ 48.Kg2  1/2-1/2

[Event "Aosta op"]
[Site "Aosta"]
[Date "1989.??.??"]
[Round "?"]
[White "Hansen, Lars Bo"]
[Black "Paunovic, Dragan"]
[Result "1-0"]
[WhiteElo "2540"]
[BlackElo "2460"]

1.d4 Nf6 2.c4 e6 3.Nc3 Bb4 4.f3 d5 5.a3 Bxc3+ 6.bxc3 c5 7.cxd5 Nxd5 8.dxc5 Qa5
9.e4 Ne7 10.Be3 O-O 11.Qb3 Nec6 12.Bb5 e5 13.Ne2 Be6 14.Bc4 Bxc4 15.Qxc4 Na6
16.O-O Rfd8 17.Ng3 g6 18.Nh1 Qc7 19.Nf2 Na5 20.Qb5 Rac8 21.Ng4 Kg7 22.Bh6+  1-0